000 00659nam a22002177a 4500
003 BUBTL
008 140129b xxu||||| |||| 00| 0 eng d
020 _a0-256-09222-2
041 _aeng
082 _a338.5'443/ Sk34b/ 1992
100 _9107
_a Skinner, Steven J.
245 _aBusiness for the 21st century
_cby Steven J. Skinner & John M. Ivancevich.
260 _aNew York,
_bIrwin,
_cc1992.
300 _a[xxx] , 864p . :
_bill , Graph ,Table , 24cm .
_cBusiness .
500 _aIncludes Index .
650 0 _961
_aBusiness
700 _9108
_aIvancevich, John M.
856 _k0
_l0
_yDownload
942 _2ddc
_cBK
999 _c88
_d88